| 000 | 00843cam a2200241 a 4500 | ||
|---|---|---|---|
| 001 | 000010065 | ||
| 005 | 20200929161827.0 | ||
| 008 | 800424s1994 sp 001 p cat | ||
| 020 | _a8429715606 | ||
| 040 |
_aDO-SdBNP _cDLC _dDLC |
||
| 082 |
_a861.6 _bF661a, 1994 |
||
| 100 | 1 |
_aFoix, J. V. _q(Josep Vicenç Foix i Mas) _d1893-1987 _925043 |
|
| 245 | 1 | 0 |
_aAntología poètica / _cJ. V. Foix ; edición, Pere Gimferrer. |
| 250 | _a4a ed. | ||
| 260 |
_aBarcelona : _bEdicions 62, _c1994. |
||
| 300 |
_a155 p. ; _c19 cm. |
||
| 490 | 1 |
_aLes Millors obres de la literatura Catalana _v31 |
|
| 650 | 4 |
_aPoesía española _vCOLECCIONES _99198 |
|
| 650 | 4 |
_aLiteratura española _ySIGLO XX _93326 |
|
| 700 | 1 |
_aGimferrer, Pere, _eed. _99888 |
|
| 830 | 0 |
_aLes Millors obres de la literatura Catalana ; _v31 _925044 |
|
| 910 | _aCatalogación por copia / LC | ||
| 999 |
_c9824 _d9824 |
||